00880nab a22002177a 4500003000400000005001700004008004100021040000700062100002700069245009600096260007200192300001300264500003900277505008900316650002000405650002400425650002800449650001700477650003100494773013700525OSt20260115172541.0190605e xxu||||| |||| 00| 0 spa d cPJ aFoglia, Ricardo Arturo10aComentario sobre las tendencias salariales en materia de teletrabajo /cRicardo A. Foglia.  aCiudad Autónoma de Buenos Aires :bThomson Reuters La Ley,c2022. ap. 13-15 aCita: TR LALEY AR/DOC/3146/2022.  t¿Te interesa el texto completo? Solicitalo al correo: koha@justierradelfuego.gov.ar 0aDERECHO LABORAL 0aCONTRATO DE TRABAJO 0aDERECHOS DEL TRABAJADOR 0aREMUNERACION 0aOBLIGACIONES DEL EMPLEADOR0 02711dCiudad Autónoma de Buenos Aires : Thomson Reuters La Ley, 1999-2002.tRevista de derecho del trabajo. Nº 6 - Noviembre 2022